Statystyki dla Państwa najbliższe Nowej Zelandii

Kliknij tutaj aby rozwiązać quiz!

Ogólne statystyki

  • Ten quiz został rozwiązany 2 530 razy
  • Średni wynik to 14 z 20

Statystyki odpowiedzi

Odległość (w km)Państwa% Poprawnych
1303Australia
100%
4283Indonezja
92%
3472Papua Nowa-Gwinea
87%
1857Fidżi
82%
4659Wyspy Marshalla
82%
2945Wyspy Salomona
80%
4830Mikronezja
79%
1602Vanuatu
78%
7243Malezja
77%
6130Palau
76%
2946Tuvalu
76%
5059Kiribati
75%
3817Nauru
75%
2715Samoa
73%
1865Tonga
71%
5454Timor Wschodni
68%
6664Filipiny
67%
6807Stany Zjednoczone
66%
2958Wyspy Cooka
24%
2365Niue
19%

Rozkład punktacji

Percentyl według liczby udzielonych odpowiedzi

Procent ludzi z każdym wynikiem

Twoja historia wyników

Nie rozwiązałeś tego quizu